Представление документа в формате MARC21

Поле Инд. ПП Название Значение
Тип записи a
Библиографический уровень m
001 Контрольный номер RU/IS/BASE/201970109
005 Дата корректировки 20250806142213.4
008 Кодируемые данные 19971003
020 00 a ISBN 5-7300-0648-9
040 00 e Правила каталог. Л 971003
041 0_ a Код языка текста eng
084 a Индекс другой классификации/Индекс ББК 85.113(2-2Мос)я61; 85.103(2Рос-2М)-69я61
090 00 a Полочн. индекс 85.113(2-2Мос)я61
x Авторский знак M 88
097 00 a 230
245 00 a Заглавие Moscow
b Продолж. заглавия альбом на английском языке
c Ответственность Edited by Olga Pirumova
246 00 a Другая форма заглавия Москва
260 00 a Место издания Санкт-Петербург
b Издательство Аврора
c Дата издания 1996
300 00 a Объем 96 с.
b Иллюстрации/ тип воспроизводства ил.
336 a Термин вида содержания Текст
337 a Термин типа средства непосредственный
500 00 a Примечание На английском языке
650 04 a Основная рубрика архитектура
a Основная рубрика изобразительное искусство
a Основная рубрика искусство
a Основная рубрика история архитектуры
653 00 a Ключевые слова города-музеи
a Ключевые слова древний мир
a Ключевые слова Москва
a Ключевые слова новейшее время
a Ключевые слова новое время
a Ключевые слова памятники
a Ключевые слова Россия
a Ключевые слова русское изобразительное искусство
a Ключевые слова скульптура
a Ключевые слова средние века
655 00 a Жанр/ форма (устаревшее) иллюстративное издание; альбом
700 10 a Автор Pirumova O.
e Роль лиц редактор
q Полное имя Pirumova Olga; Пирумова Ольга
u Дополнение к имени Пирумова О.
901 t Тип документа m
952 a Тип литературы для КСУ ВШ ИЗО